000 00624cam a2200229 4500
008 #DATE n2001 000 0 eng u
020 _a1860814859
035 _a(Sirsi) u113784
041 _aeng
050 _a693.5
100 _aQuillin, Keith
110 _aBuilding Research Establishment
245 _aDelayed ettringite formation : in situ concrete.
260 _aLondon
_bCRC Ltd
_c2001
300 _a8p. : ill. ; 30cm.
490 _aBRE Information Paper
_vIP 11/01
520 _aCRACKING
650 _aPORTLAND CEMENT
650 _aDEF
690 _aBUILT ENVIRONMENT-BUILDING PATHOLOGY
942 _n0
999 _c101561
_d101561